[Event "Lanaudiere"]
[Site "Repentigny CAN"]
[Date "2008.08.17"]
[Round "4"]
[White "Le Duin, Thierry"]
[Black "Kraiouchkine, Nikita"]
[Result "0-1"]
[WhiteElo "1967"]
[BlackElo "2286"]
[PlyCount "118"]
[EventDate "2008.08.15"]
[EventType "swiss"]
[EventRounds "5"]
[EventCountry "CAN"]

1. d4 d5 2. Nf3 Nf6 3. c3 c6 4. Bg5 Qb6 5. Qb3 Ne4 6. Bh4 Bf5 7. Nbd2 Nd7 8.
Qxb6 axb6 9. Nxe4 Bxe4 10. Nd2 Bg6 11. f3 e5 12. e3 b5 13. Bg3 f6 14. Be2 b4
15. c4 exd4 16. exd4 Nb6 17. cxd5 Nxd5 18. Kf2 O-O-O 19. Nc4 h5 20. h4 Be7 21.
a3 bxa3 22. bxa3 b6 23. Rhc1 Kb7 24. Kg1 Rd7 25. Ra2 Ra8 26. Be1 Nf4 27. Bf1
Nd3 28. Bxd3 Bxd3 29. Bf2 Bxc4 30. Rxc4 Rxa3 31. Rac2 Rc7 32. Bg3 b5 33. Bxc7
bxc4 34. Bg3 c3 35. Be1 f5 36. Bxc3 Bf6 37. Kf1 c5 38. Rb2+ Kc7 39. Rc2 Kd7 40.
Be1 cxd4 41. Bg3 Rc3 42. Rxc3 dxc3 43. Ke2 Kc6 44. Kd3 Kc5 45. Bf2+ Kb4 46. Kc2
Kc4 47. Bg3 g6 48. Be1 f4 49. Bf2 Bd4 50. Be1 Be5 51. Bf2 Bf6 52. Be1 Bd4 53.
g3 fxg3 54. Bxg3 Bf6 55. Be1 Kd5 56. Kd3 Ke6 57. Bg3 Kf5 58. Be1 Kf4 59. Ke2 c2
0-1

[Event "Lanaudiere"]
[Site "Repentigny CAN"]
[Date "2008.08.17"]
[Round "5"]
[White "Kraiouchkine, Nikita"]
[Black "Bolduc, Steve"]
[Result "1/2-1/2"]
[WhiteElo "2286"]
[BlackElo "2314"]
[PlyCount "27"]
[EventDate "2008.08.15"]
[EventType "swiss"]
[EventRounds "5"]
[EventCountry "CAN"]

1. e4 c6 2. d4 d5 3. exd5 cxd5 4. c4 Nf6 5. Nc3 Nc6 6. Bg5 Be6 7. Nf3 Ne4 8.
Nxe4 dxe4 9. d5 exf3 10. dxe6 Qa5+ 11. Qd2 Qe5+ 12. Qe3 Qa5+ 13. Qd2 Qe5+ 14.
Qe3 1/2-1/2

[Event "CAN/Quebec op U2400"]
[Site "Montreal CAN"]
[Date "2008.07.19"]
[Round "1"]
[White "Kraiouchkine, Nikita"]
[Black "Cheng, Jack"]
[Result "1-0"]
[WhiteElo "2235"]
[BlackElo "2031"]
[PlyCount "115"]
[EventDate "2008.07.19"]
[EventType "swiss"]
[EventRounds "9"]
[EventCountry "CAN"]

1. e4 e5 2. Nf3 Nc6 3. Bb5 a6 4. Bxc6 dxc6 5. d4 exd4 6. Qxd4 Qxd4 7. Nxd4 c5
8. Ne2 Bd7 9. Nbc3 O-O-O 10. Be3 b6 11. f3 Bd6 12. Kf2 Ne7 13. Rad1 Bc6 14. h4
Be5 15. Bf4 Ng6 16. Bxe5 Nxe5 17. Rxd8+ Rxd8 18. Rd1 Rxd1 19. Nxd1 h5 20. Ke3
Kd7 21. Kf4 f6 22. Ne3 b5 23. Nf5 g6 24. Ne3 b4 25. g4 Bb5 26. Ng3 hxg4 27.
Nxg4 Nxg4 28. fxg4 Ke6 29. g5 c4 30. c3 c5 31. gxf6 Kxf6 32. e5+ Ke6 33. Ne4
bxc3 34. bxc3 a5 35. Nxc5+ Kd5 36. Ne4 Ba4 37. Nd2 Bc2 38. Kg5 Ke6 39. Nxc4 a4
40. Kf4 Bd3 41. Nb2 Bb5 42. a3 Bc6 43. Nc4 Bb5 44. Ne3 Bc6 45. Nc2 Bd5 46. Nd4+
Kf7 47. Kg5 Bc4 48. e6+ Kg7 49. e7 Kf7 50. e8=Q+ Kxe8 51. Kxg6 Bf7+ 52. Kf6 Bh5
53. Ne6 Be2 54. h5 Bd3 55. h6 Bc2 56. Ng5 Kd7 57. Ke5 Kc6 58. Kd4 1-0

[Event "CAN/Quebec op U2400"]
[Site "Montreal CAN"]
[Date "2008.07.20"]
[Round "2"]
[White "MacKinnon, Keith"]
[Black "Kraiouchkine, Nikita"]
[Result "0-1"]
[WhiteElo "2029"]
[BlackElo "2235"]
[PlyCount "60"]
[EventDate "2008.07.19"]
[EventType "swiss"]
[EventRounds "9"]
[EventCountry "CAN"]

1. e4 e5 2. Nf3 Nc6 3. Bb5 f5 4. Nc3 Nf6 5. Qe2 fxe4 6. Nxe4 Qe7 7. O-O d5 8.
Ng3 e4 9. Nd4 Bd7 10. Bxc6 bxc6 11. Qa6 Qc5 12. c3 Qb6 13. Qxb6 axb6 14. f3 c5
15. Nde2 Bd6 16. fxe4 dxe4 17. Nf5 O-O 18. Neg3 Be6 19. Re1 Bc4 20. b3 Bxb3 21.
Nxd6 cxd6 22. Bb2 Bxa2 23. Nxe4 Nxe4 24. Rxe4 Bd5 25. Rea4 Rae8 26. c4 Bb7 27.
Ra7 Rf7 28. Rf1 Rd7 29. Bc3 Re2 30. Rf2 Re1+ 0-1

[Event "CAN/Quebec op U2400"]
[Site "Montreal CAN"]
[Date "2008.07.22"]
[Round "4"]
[White "Kraiouchkine, Nikita"]
[Black "Hambleton, Aman"]
[Result "1/2-1/2"]
[WhiteElo "2235"]
[BlackElo "2212"]
[PlyCount "61"]
[EventDate "2008.07.19"]
[EventType "swiss"]
[EventRounds "9"]
[EventCountry "CAN"]

1. e4 e6 2. d4 d5 3. e5 c5 4. c3 Nc6 5. Nf3 Bd7 6. a3 Nge7 7. Be3 Nf5 8. b4
cxd4 9. Bxd4 Nfxd4 10. cxd4 b5 11. Nc3 a5 12. Nxb5 axb4 13. a4 Na7 14. Bd3 Be7
15. O-O Nxb5 16. axb5 O-O 17. Ra6 Rxa6 18. bxa6 Qb6 19. Qe2 Ra8 20. Ra1 g6 21.
g4 Bc8 22. Kg2 b3 23. Qb2 Bxa6 24. Bxa6 Rxa6 25. Rxa6 Qxa6 26. Qxb3 Kg7 27. Qe3
Qc4 28. h4 h6 29. h5 Qc2 30. hxg6 Qxg6 31. Qf4 1/2-1/2

[Event "CAN/Quebec op U2400"]
[Site "Montreal CAN"]
[Date "2008.07.23"]
[Round "5"]
[White "Kraiouchkine, Nikita"]
[Black "Bolvary, Tamara"]
[Result "1-0"]
[WhiteElo "2235"]
[BlackElo "2046"]
[PlyCount "77"]
[EventDate "2008.07.19"]
[EventType "swiss"]
[EventRounds "9"]
[EventCountry "CAN"]

1. e4 c5 2. Nf3 e6 3. d4 cxd4 4. Nxd4 a6 5. c4 Nf6 6. Nc3 Qc7 7. a3 b6 8. Bd3
Bb7 9. O-O d6 10. f4 Nbd7 11. Qe2 Be7 12. b4 Rc8 13. Bb2 O-O 14. Rae1 Rfd8 15.
Nd1 g6 16. e5 Ne8 17. f5 Nxe5 18. fxe6 f6 19. Ne3 d5 20. Nxd5 Bxd5 21. cxd5
Nxd3 22. Qxd3 Rxd5 23. Qxa6 Rcd8 24. Rc1 Qe5 25. Nc6 Qe3+ 26. Kh1 Bd6 27. Rc3
Qg5 28. Bc1 Qg4 29. Nxd8 Rh5 30. h3 Bg3 31. Rff3 Rxh3+ 32. gxh3 Qxh3+ 33. Kg1
Qh2+ 34. Kf1 Qh1+ 35. Ke2 Qe1+ 36. Kd3 Qd1+ 37. Bd2 Be1 38. Rf2 Bxd2 39. Rxd2
1-0

[Event "CAN/Quebec op U2400"]
[Site "Montreal CAN"]
[Date "2008.07.24"]
[Round "6"]
[White "Luksza, Arkadiusz"]
[Black "Kraiouchkine, Nikita"]
[Result "0-1"]
[WhiteElo "2129"]
[BlackElo "2235"]
[PlyCount "52"]
[EventDate "2008.07.19"]
[EventType "swiss"]
[EventRounds "9"]
[EventCountry "CAN"]

1. d4 d5 2. c4 c6 3. Nc3 Nf6 4. e3 g6 5. Nf3 Bg7 6. Be2 O-O 7. O-O dxc4 8. Bxc4
Bg4 9. h3 Bxf3 10. Qxf3 Nbd7 11. Rd1 Qc7 12. e4 e5 13. d5 Nb6 14. Bb3 cxd5 15.
exd5 Nc4 16. Qe2 Nd6 17. Bg5 a6 18. Rac1 Qd7 19. Na4 Qf5 20. Be3 Nd7 21. Rc7
Rfd8 22. g4 Qf6 23. Qd2 Qf3 24. Kh2 e4 25. Bd4 Bxd4 26. Qxd4 Nb5 0-1

[Event "CAN/Quebec op U2400"]
[Site "Montreal CAN"]
[Date "2008.07.25"]
[Round "7"]
[White "Kraiouchkine, Nikita"]
[Black "Caire, Francois"]
[Result "1/2-1/2"]
[WhiteElo "2235"]
[BlackElo "2183"]
[PlyCount "52"]
[EventDate "2008.07.19"]
[EventType "swiss"]
[EventRounds "9"]
[EventCountry "CAN"]

1. e4 c5 2. Nf3 Nc6 3. d4 cxd4 4. Nxd4 Nf6 5. Nc3 e5 6. Ndb5 d6 7. Bg5 Be6 8.
Nd5 Rc8 9. c3 a6 10. Na3 Bxd5 11. Bxf6 Qxf6 12. Qxd5 Be7 13. Nc4 O-O 14. Be2
Qe6 15. Rd1 Rfd8 16. a4 Rc7 17. O-O Nb8 18. Qxe6 fxe6 19. Rd2 Nd7 20. Bg4 Nc5
21. f3 Kf7 22. Rfd1 Nb3 23. Nxd6+ Kf6 24. Rd3 Nc5 25. R3d2 Nb3 26. Rd3 Nc5
1/2-1/2

[Event "CAN/Quebec op U2400"]
[Site "Montreal CAN"]
[Date "2008.07.26"]
[Round "8"]
[White "Audet-Bouchard, Nicolas"]
[Black "Kraiouchkine, Nikita"]
[Result "0-1"]
[WhiteElo "2154"]
[BlackElo "2235"]
[PlyCount "92"]
[EventDate "2008.07.19"]
[EventType "swiss"]
[EventRounds "9"]
[EventCountry "CAN"]

1. e4 e5 2. Nf3 Nc6 3. Bb5 f5 4. d3 Nf6 5. exf5 Ne7 6. g4 c6 7. g5 Qa5+ 8. Bd2
Qxb5 9. Nc3 Qb6 10. gxf6 gxf6 11. Nh4 h5 12. Ng6 Nxg6 13. fxg6 d5 14. Qe2 Bg7
15. O-O-O Be6 16. Kb1 O-O-O 17. Na4 Qb5 18. b3 c5 19. c4 Qc6 20. Rhg1 dxc4 21.
dxc4 Bg4 22. Rxg4 hxg4 23. Qxg4+ Qd7 24. Qxd7+ Rxd7 25. Nxc5 Rd6 26. Ne4 Rd4
27. Ng3 Rxh2 28. Nf5 Rd7 29. Nxg7 Rxg7 30. Rg1 Rxf2 31. Bh6 Rg8 32. Be3 Rh2 33.
Bxa7 Kd7 34. Bc5 Ke6 35. a4 f5 36. g7 f4 37. a5 e4 38. Bd4 f3 39. Kc1 Rg2 40.
Rf1 Rd8 41. Rd1 Kf7 42. Bc5 Rxd1+ 43. Kxd1 Kxg7 44. b4 Kf6 45. b5 Ra2 46. Bb6
f2 0-1

[Event "CAN/Quebec op U2400"]
[Site "Montreal CAN"]
[Date "2008.07.27"]
[Round "9"]
[White "Kraiouchkine, Nikita"]
[Black "Khassanov, Marat"]
[Result "1-0"]
[WhiteElo "2235"]
[BlackElo "2312"]
[PlyCount "77"]
[EventDate "2008.07.19"]
[EventType "swiss"]
[EventRounds "9"]
[EventCountry "CAN"]

1. e4 d6 2. d4 Nf6 3. Nc3 g6 4. f3 a6 5. Be3 b5 6. Qd2 Bb7 7. Nh3 Nbd7 8. Nf2
Nb6 9. Bd3 Bg7 10. Bh6 Bxh6 11. Qxh6 c5 12. dxc5 b4 13. cxb6 bxc3 14. Qe3 cxb2
15. Rb1 O-O 16. O-O Rc8 17. Rxb2 Rc5 18. Rfb1 Nd7 19. f4 e6 20. Qd4 Qe7 21. Rd1
e5 22. fxe5 Nxe5 23. Be2 Rd8 24. c4 f5 25. Rbd2 Nc6 26. Qd3 Qg5 27. Qg3 Qe7 28.
Rxd6 f4 29. Rxd8+ Nxd8 30. Qxf4 Nf7 31. Ng4 Rc6 32. Rf1 g5 33. Qxf7+ Qxf7 34.
Rxf7 Kxf7 35. Ne5+ Ke6 36. Nxc6 Bxc6 37. c5 Bb7 38. Bg4+ Ke7 39. e5 1-0

[Event "CYCC U14"]
[Site "Quebec CAN"]
[Date "2008.07.14"]
[Round "1"]
[White "Kieu, Marc-Andre"]
[Black "Kraiouchkine, Nikita"]
[Result "1/2-1/2"]
[WhiteElo "1911"]
[BlackElo "2235"]
[PlyCount "123"]
[EventDate "2008.07.14"]
[EventType "swiss"]
[EventRounds "7"]
[EventCountry "CAN"]

1. e4 e5 2. Nf3 Nf6 3. Nxe5 d6 4. Nf3 Nxe4 5. Nc3 Nf6 6. d4 Bg4 7. Be2 Be7 8.
Be3 O-O 9. Qd2 c6 10. h3 Be6 11. O-O Nbd7 12. Ng5 Bf5 13. f4 h6 14. g4 hxg5 15.
gxf5 gxf4 16. Bxf4 Nh7 17. Kh2 d5 18. Rg1 Bf6 19. Nd1 Re8 20. c3 Ng5 21. Nf2
Ne4 22. Nxe4 dxe4 23. Bh5 Nb6 24. Qg2 Nd5 25. Bh6 Qd6+ 26. Kh1 Qf8 27. Raf1 Kh8
28. Bg5 Qe7 29. c4 Nb6 30. Rf4 Bxg5 31. Qxg5 Qxg5 32. Rxg5 f6 33. Rgg4 Re7 34.
Rxe4 Rd7 35. b3 Kg8 36. a4 Rad8 37. Bg6 Nc8 38. Re3 Ne7 39. Rge4 Nxg6 40. fxg6
Kf8 41. Rh4 Kg8 42. Kg2 f5 43. Kf3 Rd6 44. Re7 Rxg6 45. Rxb7 Rg1 46. Rxa7 Rd1
47. Ke3 Re8+ 48. Kf2 Rd2+ 49. Kf3 Rd3+ 50. Kf2 Rd2+ 51. Kf3 Rd3+ 52. Kf2 Ree3
53. Ra8+ Kf7 54. Rf4 g6 55. h4 Rxb3 56. Ra7+ Ke6 57. Ra6 Kd7 58. d5 cxd5 59.
cxd5 Red3 60. Rxg6 Rb2+ 61. Ke1 Rxd5 62. h5 1/2-1/2

[Event "CYCC U14"]
[Site "Quebec CAN"]
[Date "2008.07.14"]
[Round "2"]
[White "Kraiouchkine, Nikita"]
[Black "Nadeau, Emmanuel"]
[Result "1-0"]
[WhiteElo "2235"]
[BlackElo "1757"]
[PlyCount "89"]
[EventDate "2008.07.14"]
[EventType "swiss"]
[EventRounds "7"]
[EventCountry "CAN"]

1. e4 c5 2. Nf3 e6 3. d4 cxd4 4. Nxd4 a6 5. c4 Bc5 6. Nb3 Ba7 7. Nc3 Nc6 8. Be2
Nf6 9. Bf4 O-O 10. Bd6 Re8 11. e5 Bb8 12. exf6 Qxf6 13. O-O b6 14. Bxb8 Rxb8
15. Qd6 Bb7 16. Bf3 Qe7 17. Rad1 Qxd6 18. Rxd6 Ne5 19. Bxb7 Rxb7 20. Nd2 Rc8
21. Rd1 h6 22. g3 Kf8 23. f4 Nc6 24. Nf3 Ke7 25. Kf2 f6 26. R6d2 Nd8 27. Ne4
Nf7 28. b3 g5 29. fxg5 hxg5 30. h4 g4 31. Ne1 f5 32. Nd6 Nxd6 33. Rxd6 Rd8 34.
Ng2 a5 35. Nf4 b5 36. cxb5 Rxb5 37. Nxe6 Rc8 38. Nf4 Rc2+ 39. R6d2 Rbc5 40.
Re1+ Kf6 41. Rxc2 Rxc2+ 42. Re2 Rc5 43. h5 d5 44. h6 d4 45. Re8 1-0

[Event "CYCC U14"]
[Site "Quebec CAN"]
[Date "2008.07.15"]
[Round "3"]
[White "Keith-Jacques, Liam"]
[Black "Kraiouchkine, Nikita"]
[Result "1/2-1/2"]
[WhiteElo "2040"]
[BlackElo "2235"]
[PlyCount "56"]
[EventDate "2008.07.14"]
[EventType "swiss"]
[EventRounds "7"]
[EventCountry "CAN"]

1. e4 e5 2. Nf3 Nc6 3. Bb5 f5 4. Nc3 fxe4 5. Nxe4 d5 6. Nxe5 dxe4 7. Nxc6 Qd5
8. c4 Qd6 9. Nxa7+ Bd7 10. Bxd7+ Qxd7 11. Qh5+ g6 12. Qe5+ Kf7 13. Nb5 c6 14.
Qd4 Rd8 15. Qxd7+ Rxd7 16. Nc3 Nf6 17. b3 Bc5 18. Bb2 Bxf2+ 19. Ke2 Rhd8 20.
Rad1 Bd4 21. Rhf1 Ke6 22. Na4 Ke5 23. d3 Bxb2 24. Nxb2 Rd4 25. dxe4 Rxe4+ 26.
Kf3 Rf4+ 27. Ke2 Re4+ 28. Kf3 Rf4+ 1/2-1/2

[Event "CYCC U14"]
[Site "Quebec CAN"]
[Date "2008.07.15"]
[Round "4"]
[White "Kraiouchkine, Nikita"]
[Black "Gladstone, Simon"]
[Result "1-0"]
[WhiteElo "2235"]
[BlackElo "1733"]
[PlyCount "129"]
[EventDate "2008.07.14"]
[EventType "swiss"]
[EventRounds "7"]
[EventCountry "CAN"]

1. e4 e6 2. d4 d5 3. e5 c5 4. c3 Nc6 5. Nf3 Bd7 6. a3 Qb6 7. b4 cxd4 8. cxd4
Nh6 9. Nc3 Nf5 10. Be3 Rc8 11. Na4 Qd8 12. Bd3 Be7 13. Nc5 Bxc5 14. bxc5 O-O
15. O-O b6 16. Rc1 bxc5 17. Rxc5 Na5 18. Bxf5 exf5 19. Rxd5 Nc4 20. Nd2 Qe7 21.
Nxc4 Rxc4 22. Qd3 Rfc8 23. Rc5 R4xc5 24. dxc5 f4 25. Bxf4 Rxc5 26. Rd1 Be8 27.
h3 h6 28. Rb1 Qc7 29. Be3 Rc3 30. Qd6 Rc6 31. Qxc7 Rxc7 32. Rb8 Kf8 33. Ra8 Ke7
34. Bxa7 Bc6 35. Bc5+ Ke6 36. Ra5 Rd7 37. Bf8 f6 38. exf6 Kxf6 39. Ra6 Rc7 40.
f3 Kf7 41. Bd6 Rc8 42. Kf2 Bb5 43. Ra7+ Ke6 44. Bc7 Kf6 45. Ra5 Bc6 46. Be5+
Kg6 47. Ra6 Kh7 48. Ra7 Rg8 49. a4 h5 50. a5 Bb5 51. h4 Bc4 52. g3 Bb5 53. g4
Bc4 54. Kg3 Bd3 55. gxh5 Bc4 56. Kg4 Bd3 57. Kg5 Bc4 58. h6 Re8 59. Rxg7+ Kh8
60. Re7+ Kg8 61. h7+ Kf8 62. h8=Q+ Kxe7 63. Qf6+ Kd7 64. Qd6+ Kc8 65. Qc7# 1-0

[Event "CYCC U14"]
[Site "Quebec CAN"]
[Date "2008.07.16"]
[Round "5"]
[White "Calugar, Arthur"]
[Black "Kraiouchkine, Nikita"]
[Result "1/2-1/2"]
[WhiteElo "2150"]
[BlackElo "2235"]
[PlyCount "97"]
[EventDate "2008.07.14"]
[EventType "swiss"]
[EventRounds "7"]
[EventCountry "CAN"]

1. Nf3 d5 2. b3 Nf6 3. Bb2 Bg4 4. g3 Bxf3 5. exf3 Nbd7 6. f4 e6 7. Bg2 Bd6 8.
O-O O-O 9. c4 c6 10. d4 Re8 11. Nd2 b5 12. a4 bxc4 13. bxc4 Bb4 14. Ba3 Bc3 15.
Rc1 Bxd4 16. Ne4 dxe4 17. Qxd4 Nb6 18. Qc5 Qc7 19. Qe5 Qxe5 20. fxe5 Ng4 21. a5
Nd7 22. Bxe4 Ngxe5 23. f4 Nf6 24. Bg2 Ned7 25. Bxc6 Rac8 26. Bb5 a6 27. Ba4 Rc7
28. Rfd1 Rec8 29. Bd6 Rxc4 30. Rxc4 Rxc4 31. Bxd7 Nxd7 32. Be5 f6 33. Rxd7 fxe5
34. fxe5 Rc5 35. Rd6 Rxa5 36. Rxe6 Kf7 37. Rb6 g6 38. g4 Ra2 39. h3 a5 40. Ra6
a4 41. Kh1 a3 42. Kg1 Ke7 43. Kh1 Ra1+ 44. Kh2 Ra2+ 45. Kh1 Ra1+ 46. Kh2 Kd7
47. Kg2 Kc7 48. e6 Kd8 49. Ra7 1/2-1/2

[Event "CYCC U14"]
[Site "Quebec CAN"]
[Date "2008.07.16"]
[Round "6"]
[White "Cheng, Jack"]
[Black "Kraiouchkine, Nikita"]
[Result "0-1"]
[WhiteElo "2031"]
[BlackElo "2235"]
[PlyCount "128"]
[EventDate "2008.07.14"]
[EventType "swiss"]
[EventRounds "7"]
[EventCountry "CAN"]

1. e4 e5 2. Nf3 Nf6 3. Nxe5 d6 4. Nf3 Nxe4 5. d4 Bg4 6. Bd3 Nf6 7. O-O Be7 8.
Bf4 O-O 9. c3 c6 10. Nbd2 Re8 11. Qc2 Nbd7 12. Rfe1 Nf8 13. h3 Bh5 14. c4 Ne6
15. Be3 Bg6 16. Bxg6 hxg6 17. a3 d5 18. c5 Qc7 19. b4 Nd7 20. Rab1 Bf6 21. Nb3
Ndf8 22. Qd2 b6 23. Nc1 bxc5 24. bxc5 Rab8 25. Nd3 Nd7 26. Nf4 Rxb1 27. Rxb1
Rb8 28. Rxb8+ Qxb8 29. Nxe6 fxe6 30. Qd3 Kf7 31. Bg5 Qb5 32. Qxb5 cxb5 33. Bxf6
gxf6 34. Kf1 Nb8 35. Ke2 Nc6 36. Kd3 e5 37. dxe5 fxe5 38. Kc3 a5 39. h4 Ke6 40.
Ng5+ Kf5 41. f3 e4 42. g4+ Kf4 43. fxe4 dxe4 44. Ne6+ Kxg4 45. Nd4 b4+ 46. axb4
axb4+ 47. Kc4 Nxd4 48. Kxd4 b3 49. c6 b2 50. c7 b1=Q 51. c8=Q+ Kxh4 52. Qh8+
Kg4 53. Qc8+ Kg3 54. Qc7+ Kg2 55. Qf4 Qd3+ 56. Kc5 e3 57. Qg4+ Kf2 58. Qf4+ Ke1
59. Qb4+ Kd1 60. Qg4+ e2 61. Kb6 Kc2 62. Qg2 Kb3 63. Qf2 Qd6+ 64. Ka7 Qa3+ 0-1

[Event "CYCC U14"]
[Site "Quebec CAN"]
[Date "2008.07.16"]
[Round "7"]
[White "Kraiouchkine, Nikita"]
[Black "Kleinman, Michael"]
[Result "1-0"]
[WhiteElo "2235"]
[BlackElo "2012"]
[PlyCount "67"]
[EventDate "2008.07.14"]
[EventType "swiss"]
[EventRounds "7"]
[EventCountry "CAN"]

1. e4 c5 2. Nf3 d6 3. d4 cxd4 4. Nxd4 Nf6 5. Nc3 a6 6. Bc4 e6 7. Bb3 Qc7 8. f4
Nc6 9. Be3 Be7 10. O-O b5 11. f5 Nxd4 12. Qxd4 e5 13. Nd5 Qb8 14. Qb6 Nd7 15.
Nc7+ Kf8 16. Qc6 Nf6 17. Qxa8 Qxc7 18. a4 b4 19. c3 Bd8 20. cxb4 Bb7 21. Qa7
Ng4 22. Rac1 Qe7 23. f6 gxf6 24. h3 h5 25. Bb6 Kg7 26. Bxd8 Rxd8 27. hxg4 hxg4
28. Bd5 f5 29. Rxf5 Qh4 30. Rxf7+ Kg6 31. Qxb7 Rh8 32. Rg7+ Kh6 33. Qf7 Qg5 34.
Rxg5 1-0

[Event "Sherbrooke op"]
[Site "Sherbrooke CAN"]
[Date "2008.05.23"]
[Round "1"]
[White "Forget, David"]
[Black "Kraiouchkine, Nikita"]
[Result "1/2-1/2"]
[WhiteElo "1928"]
[BlackElo "2247"]
[PlyCount "55"]
[EventDate "2008.05.23"]
[EventType "swiss"]
[EventRounds "5"]
[EventCountry "CAN"]

1. d4 d5 2. c4 c6 3. Nf3 Nf6 4. cxd5 cxd5 5. Nc3 Nc6 6. Bf4 e6 7. e3 Bb4 8. Bd3
Ne4 9. Bxe4 dxe4 10. Ne5 Nxe5 11. Bxe5 O-O 12. O-O f6 13. Bg3 f5 14. Rc1 b6 15.
Qb3 Bd6 16. Bxd6 Qxd6 17. Nb5 Qe7 18. Rc7 Qf6 19. Rfc1 Ba6 20. Nd6 Bd3 21. Rd7
Rad8 22. Rcc7 Rxd7 23. Rxd7 f4 24. exf4 Qxf4 25. Qxe6+ Kh8 26. h3 Qxf2+ 27. Kh2
Qf4+ 28. Kg1 1/2-1/2

[Event "Sherbrooke op"]
[Site "Sherbrooke CAN"]
[Date "2008.05.24"]
[Round "2"]
[White "Kraiouchkine, Nikita"]
[Black "Trinh, Tri Bao"]
[Result "1/2-1/2"]
[WhiteElo "2247"]
[BlackElo "2095"]
[PlyCount "104"]
[EventDate "2008.05.23"]
[EventType "swiss"]
[EventRounds "5"]
[EventCountry "CAN"]

1. e4 c5 2. Nc3 g6 3. g3 Bg7 4. Bg2 Nc6 5. Nge2 Nf6 6. O-O O-O 7. d3 d6 8. h3
Rb8 9. Be3 Nd7 10. Qd2 Nd4 11. Bxd4 cxd4 12. Nb5 Qb6 13. a4 a6 14. Na3 Ne5 15.
a5 Qc7 16. f4 Nc6 17. Nc4 Be6 18. Nb6 f5 19. Rae1 fxe4 20. dxe4 Nxa5 21. Qxa5
Qxc2 22. f5 Bb3 23. Nf4 d3 24. Rc1 Qxb2 25. Nxd3 Qd4+ 26. Kh2 Qxd3 27. Nd7 Qb5
28. Qxb5 axb5 29. Nxb8 Rxb8 30. Rc7 Bf6 31. fxg6 hxg6 32. Rb1 Bc4 33. Bf1 Ra8
34. Bxc4+ bxc4 35. Rxc4 Ra2+ 36. Kg1 Ra3 37. Kg2 Be5 38. Rxb7 Rxg3+ 39. Kf2 Kf7
40. Rcc7 Rxh3 41. Rxe7+ Kf6 42. Rf7+ Kg5 43. Rf3 Rh2+ 44. Ke3 Ra2 45. Rb3 Kg4
46. Rf1 Rg2 47. Kd3 Rg3+ 48. Kc4 Rxb3 49. Kxb3 g5 50. Kc4 Kh3 51. Kd3 g4 52.
Ke3 Kg2 1/2-1/2

[Event "Sherbrooke op"]
[Site "Sherbrooke CAN"]
[Date "2008.05.24"]
[Round "3"]
[White "Larochelle, Martial"]
[Black "Kraiouchkine, Nikita"]
[Result "0-1"]
[WhiteElo "2210"]
[BlackElo "2247"]
[PlyCount "116"]
[EventDate "2008.05.23"]
[EventType "swiss"]
[EventRounds "5"]
[EventCountry "CAN"]

1. Nf3 d5 2. d4 Nf6 3. c4 c6 4. Nc3 dxc4 5. a4 e6 6. e3 c5 7. Bxc4 cxd4 8. exd4
Be7 9. O-O O-O 10. Re1 Nc6 11. Be3 Nb4 12. Ne5 Qa5 13. Qe2 Rd8 14. Rac1 Bd7 15.
Qf3 Bc6 16. Qh3 Be8 17. Qf3 Nbd5 18. Bd2 Qb6 19. Nb5 Bxb5 20. axb5 Qxd4 21. Ba5
Rf8 22. Bc3 Qf4 23. Qe2 Nxc3 24. Rxc3 Bd6 25. g3 Qxe5 26. Qxe5 Bxe5 27. Rxe5
Rac8 28. b3 Nd5 29. Rf3 Nb6 30. Bd3 Rfd8 31. Re1 Rc7 32. Ra1 Nc8 33. Bc4 Rd6
34. Kg2 Kf8 35. Rf4 Ke7 36. Re4 Rd2 37. Rg4 g6 38. h4 b6 39. h5 gxh5 40. Rg7
Rc5 41. Rxh7 Kf6 42. Re1 Kg6 43. Rh8 Kg7 44. Re8 Nd6 45. Re7 Nxc4 46. bxc4 Rxc4
47. R1xe6 Rcc2 48. Rxa7 Rxf2+ 49. Kg1 Rg2+ 50. Kh1 Rgd2 51. Re1 Rh2+ 52. Kg1
Rcg2+ 53. Kf1 Rf2+ 54. Kg1 Rhg2+ 55. Kh1 Rxg3 56. Re5 h4 57. Re4 h3 58. Rae7
Rb3 0-1

[Event "Sherbrooke op"]
[Site "Sherbrooke CAN"]
[Date "2008.05.25"]
[Round "5"]
[White "Kraiouchkine, Nikita"]
[Black "Masse, Hugues"]
[Result "1/2-1/2"]
[WhiteElo "2247"]
[BlackElo "2237"]
[PlyCount "190"]
[EventDate "2008.05.23"]
[EventType "swiss"]
[EventRounds "5"]
[EventCountry "CAN"]

1. e4 e6 2. d4 d5 3. e5 c5 4. c3 Nc6 5. Nf3 Bd7 6. a3 f6 7. Bd3 fxe5 8. Nxe5
Nxe5 9. dxe5 g6 10. Be3 Qc7 11. f4 O-O-O 12. b4 Nh6 13. O-O Nf5 14. Bxf5 gxf5
15. Bxc5 Bxc5+ 16. bxc5 Bb5 17. Rf2 Kb8 18. Qd4 Rc8 19. Raa2 Qxc5 20. Qxc5 Rxc5
21. Rfd2 Rhc8 22. Rab2 Ba6 23. Kf2 b6 24. Rd4 Kb7 25. Ke1 Rg8 26. Rf2 Rc7 27.
Kd1 Rcg7 28. Rdd2 Bb5 29. Kc1 Bc6 30. g3 h5 31. Rde2 Bb5 32. Re3 h4 33. gxh4
Rg1+ 34. Kc2 R8g2 35. Ref3 Be2 36. Rxg2 Rxg2 37. Rg3 Rxh2 38. Rg7+ Ka6 39. Re7
Bf3+ 40. Nd2 Be4+ 41. Kc1 Rh1+ 42. Kb2 Rxh4 43. Rxe6 Rxf4 44. Rf6 Rf2 45. Kc1
Bd3 46. Rd6 Bc4 47. Kd1 Rh2 48. Nxc4 dxc4 49. Rf6 Rf2 50. e6 Rf4 51. e7 Re4 52.
Rf7 b5 53. Rxf5 Rxe7 54. Rf2 Ka5 55. Kc2 Ka4 56. Kb2 Re6 57. Rd2 Re3 58. Rh2
Rd3 59. Rg2 Rf3 60. Rh2 Rg3 61. Rf2 Rh3 62. Rg2 a6 63. Rf2 Rg3 64. Rh2 Rf3 65.
Rg2 Re3 66. Rf2 Rd3 67. Rh2 Rg3 68. Rf2 Rh3 69. Rg2 a5 70. Rc2 b4 71. axb4 axb4
72. cxb4 Rb3+ 73. Kc1 Kxb4 74. Rh2 Rc3+ 75. Kb2 Rb3+ 76. Kc2 Ra3 77. Rh8 Ra2+
78. Kb1 Ra3 79. Kc2 Ra2+ 80. Kb1 Rd2 81. Kc1 Kc3 82. Rh3+ Rd3 83. Rh2 Rg3 84.
Rc2+ Kb3 85. Rb2+ Kc3 86. Rc2+ Kd4 87. Rd2+ Rd3 88. Rh2 Kc3 89. Rc2+ Kb3 90.
Rb2+ Ka3 91. Rb8 Rc3+ 92. Kd2 Rh3 93. Kc2 Ka4 94. Ra8+ Kb4 95. Rb8+ Kc5 1/2-1/2

[Event "CAN-ch U20 2008"]
[Site "Toronto CAN"]
[Date "2008.05.09"]
[Round "1"]
[White "Cai, Tony"]
[Black "Kraiouchkine, Nikita"]
[Result "0-1"]
[WhiteElo "1675"]
[BlackElo "2122"]
[PlyCount "38"]
[EventDate "2008.05.09"]
[EventType "swiss"]
[EventRounds "9"]
[EventCountry "CAN"]

1. d4 d5 2. c4 c6 3. Nc3 Nf6 4. Bg5 dxc4 5. e3 Nd5 6. Bxc4 Nxc3 7. Qb3 Qa5 8.
Bxf7+ Kd8 9. Bxe7+ Bxe7 10. bxc3 Qg5 11. Ne2 Qxg2 12. Rg1 Qf3 13. Rxg7 Bh4 14.
Qb4 Qf6 15. Rg8+ Rxg8 16. Bxg8 Qxf2+ 17. Kd2 Bg4 18. Qc4 Bg5 19. Qd3 Bf5 0-1

[Event "CAN-ch U20 2008"]
[Site "Toronto CAN"]
[Date "2008.05.10"]
[Round "2"]
[White "Kraiouchkine, Nikita"]
[Black "Martchenko, Alexander"]
[Result "0-1"]
[WhiteElo "2122"]
[BlackElo "2212"]
[PlyCount "52"]
[EventDate "2008.05.09"]
[EventType "swiss"]
[EventRounds "9"]
[EventCountry "CAN"]

1. e4 c5 2. Nc3 Nc6 3. g3 d6 4. Bg2 g6 5. Nge2 Bg7 6. d3 Nd4 7. O-O e5 8. Nd5
Bg4 9. f3 Be6 10. Nec3 Qd7 11. Rf2 Ne7 12. Bg5 Bxd5 13. Nxd5 Nxd5 14. exd5 h6
15. Bd2 h5 16. g4 hxg4 17. fxg4 Rh4 18. c3 Nb5 19. h3 f6 20. Be4 Rxh3 21. Bxg6+
Ke7 22. Bh5 Rh8 23. Kg2 Rxd3 24. Qc2 c4 25. b3 Rxh5 26. gxh5 Qh3+ 0-1

[Event "CAN-ch U20 2008"]
[Site "Toronto CAN"]
[Date "2008.05.10"]
[Round "3"]
[White "Kleinman, Michael"]
[Black "Kraiouchkine, Nikita"]
[Result "0-1"]
[WhiteElo "1992"]
[BlackElo "2122"]
[PlyCount "46"]
[EventDate "2008.05.09"]
[EventType "swiss"]
[EventRounds "9"]
[EventCountry "CAN"]

1. e4 e5 2. Nf3 Nc6 3. Bc4 Nf6 4. Ng5 d5 5. exd5 Nd4 6. d6 Qxd6 7. Bxf7+ Ke7 8.
Bc4 Qc6 9. d3 Qxg2 10. Rf1 h6 11. c3 Bg4 12. Qa4 Be2 13. Nd2 Bxf1 14. Nf7 Ng4
15. Ne4 Nf3+ 16. Kd1 Nxf2+ 17. Nxf2 Qxf2 18. d4 exd4 19. Nxh8 d3 20. Ng6+ Kd8
21. Bg5+ hxg5 22. Bxd3 Bxd3 23. Kc1 Qd2# 0-1